Сказки (Запись № 1283314)

Подробности
000 -МАРКЕР
контрольное поле 01776nam0a2200373 4500
001 - ИДЕНТИФИКАТОР ЗАПИСИ
контрольное поле RU\NLR\bibl\829167
005 - ИДЕНТИФИКАТОР ВЕРСИИ
контрольное поле 20260406134127.0
010 ## - МЕЖДУНАРОДНЫЙ СТАНДАРТНЫЙ НОМЕР КНИГИ (ISBN)
Номер (ISBN) 5-9555-0642-X
Уточнения в пер.
Тираж 10000
021 ## - НОМЕР ГОСУДАРСТВЕННОЙ РЕГИСТРАЦИИ
Код страны Российская Федерация
Номер 2005-17773
Номер Листа государственной регистраци 906
035 ## - ДРУГИЕ СИСТЕМНЫЕ НОМЕРА
Идентификатор записи RSL-KNO-002590897
035 ## - ДРУГИЕ СИСТЕМНЫЕ НОМЕРА
Идентификатор записи (NLR Aleph) 000818043
100 ## - ДАННЫЕ ОБЩЕЙ ОБРАБОТКИ
Данные общей обработки 20050418d2005 |||y0rusy50 ca
101 1# - ЯЗЫК РЕСУРСА
Язык текста, звукозаписи и т.д. русский
102 ## - СТРАНА ПУБЛИКАЦИИ ИЛИ ПРОИЗВОДСТВА
Страна публикации Российская Федерация
105 ## - ПОЛЕ КОДИРОВАННЫХ ДАННЫХ: ТЕКСТОВЫЕ МАТЕРИАЛЫ, МОНОГРАФИЧЕСКИЕ
Кодированные данные о монографическом текстовом документе a |||||||||
106 ## - ПОЛЕ КОДИРОВАННЫХ ДАННЫХ: ТЕКСТОВЫЕ РЕСУРСЫ – ФОРМА
Форма ресурса: кодированные данные: обозначение носителя r
200 1# - ЗАГЛАВИЕ И СВЕДЕНИЯ ОБ ОТВЕТСТВЕННОСТИ
Основное заглавие Сказки
Сведения, относящиеся к заглавию [перевод]
Первые сведения об ответственности Ш. Перро, Х.К. Андерсен, Братья Гримм
Последующие сведения об ответственности худож. В.Коркин, А. Лебедев
210 ## - ПУБЛИКАЦИЯ, РАСПРОСТРАНЕНИЕ И ДР.
Место издания, распространения и т.д. М.
Имя издателя, распространителя и т. д. Дрофа-Плюс
Дата издания, распространения и т.д. 2005
Имя изготовителя Твер. полигр. комб. дет. лит.
215 ## - ФИЗИЧЕСКАЯ ХАРАКТЕРИСТИКА
Специфическое обозначение материала и объем 93, [2] с.
Другие сведения о физической характеристике цв. ил.
Размеры 22
327 1# - ПРИМЕЧАНИЯ О СОДЕРЖАНИИ
Текст примечания Содерж.: Мальчик-с-пальчик; Ослина шкура; Подарки феи; Золушка, или Хрустальная туфелька / Ш. Перро. Новое платье короля / Х.К. Андерсен. Гном-тихогром / Братья Гримм
610 0# - НЕКОНТРОЛИРУЕМЫЕ ПРЕДМЕТНЫЕ ТЕРМИНЫ
Предметный термин Детская литература
686 ## - ИНДЕКСЫ ДРУГИХ КЛАССИФИКАЦИЙ
Индекс Ш9(2)70(4Фр)
Код системы
686 ## - ИНДЕКСЫ ДРУГИХ КЛАССИФИКАЦИЙ
Индекс Ш9(0)60-4я43
701 #1 - ИМЯ ЛИЦА - АЛЬТЕРНАТИВНАЯ ОТВЕТСТВЕННОСТЬ
Код отношения Автор
Графика поля Кириллица
Материалы, к которым относится поле rus
Начальный элемент ввода Перро
Часть имени, кроме начального элемента ввода Ш.
Даты 1628-1703
Расширение инициалов личного имени Шарль
Системный номер авторитетной/нормативной записи 110440
Идентификатор авторитетной/нормативной записи RU\NLR\auth\77385
701 #1 - ИМЯ ЛИЦА - АЛЬТЕРНАТИВНАЯ ОТВЕТСТВЕННОСТЬ
Код отношения Автор
Графика поля Кириллица
Материалы, к которым относится поле rus
Начальный элемент ввода Андерсен
Часть имени, кроме начального элемента ввода Х. К.
Даты 1805-1875
Расширение инициалов личного имени Ханс Кристиан
Системный номер авторитетной/нормативной записи 112181
Идентификатор авторитетной/нормативной записи RU\NLR\auth\772165
701 #1 - ИМЯ ЛИЦА - АЛЬТЕРНАТИВНАЯ ОТВЕТСТВЕННОСТЬ
Код отношения Автор
Графика поля Кириллица
Материалы, к которым относится поле rus
Начальный элемент ввода Гримм
Часть имени, кроме начального элемента ввода Я.
Даты 1785-1863
Расширение инициалов личного имени Якоб
Системный номер авторитетной/нормативной записи 112038
Идентификатор авторитетной/нормативной записи RU\NLR\auth\772021
701 #1 - ИМЯ ЛИЦА - АЛЬТЕРНАТИВНАЯ ОТВЕТСТВЕННОСТЬ
Код отношения Автор
Графика поля Кириллица
Материалы, к которым относится поле rus
Начальный элемент ввода Гримм
Часть имени, кроме начального элемента ввода В. К.
Даты 1786-1859
Расширение инициалов личного имени Вильгельм Карл
Системный номер авторитетной/нормативной записи 112035
Идентификатор авторитетной/нормативной записи RU\NLR\auth\772018
801 #0 - ИСТОЧНИК ЗАПИСИ
Страна Российская Федерация
Организация RuMoRKP
Дата составления 20050418
Правила каталогизации rcr
801 #1 - ИСТОЧНИК ЗАПИСИ
Страна Российская Федерация
Организация RuMoRGB
Дата составления 20050418
801 #2 - ИСТОЧНИК ЗАПИСИ
Страна Российская Федерация
Организация NLR
Дата составления 20050809
Правила каталогизации PSBO
942 ## - ДОПОЛНИТЕЛЬНЫЕ ЭЛЕМЕНТЫ ЗАПИСИ (АБИС)
Тип экземпляра АБИС Книга
980 ## - КОЛЛЕКЦИЯ
Название коллекции Национальная библиография
Экземпляры
Тип экземпляра Дата поступления Источник поступления Библиотека постоянного хранения Библиотека текущего хранения Место хранения Шифр хранения Штрих-код Статус экземпляра
Книга 09.08.2005 Обязательный экземпляр РНБ (Московский) РНБ (Московский) Русский книжный фонд: издания с 1957 года 2005-6/1173 1-1404455  
Книга 09.08.2005 Обязательный экземпляр РНБ (Московский) РНБ (Московский) Обменный фонд   971665